<3 - Bad Bunny - Estadísticas

Estadísticas generales
  • Esta prueba ha sido intentada 93 veces
  • La puntuación promedio es 239 de 355
Estadísticas de respuestas
Respuesta % Correcto
A
100%
El
95%
Mi
95%
Que
94%
Todo
94%
Todos
94%
Y
94%
En
92%
De
91%
Gracias
89%
Lo
89%
Un
89%
Con
86%
Dia
86%
Antes
85%
Desde
85%
Me
85%
Primer
85%
Es
79%
La
79%
Yo
79%
Saliera
77%
Se
77%
Una
77%
H
76%
Icono
76%
Chicos
74%
Compañia
74%
Grande
74%
Grandes
74%
Soy
74%
Ya
74%
Mami
73%
No
73%
Si
73%
Convertiria
71%
Esto
71%
Mejor
71%
O
71%
Por
71%
Ustedes
71%
Pa
70%
Sabian
70%
Mis
68%
Puerto
68%
Rico
68%
Ser
68%
Gente
67%
Cabron
65%
Ustedes
65%
Pero
64%
Supieran
64%
Tu
64%
Corazón
62%
Los
62%
Siempre
62%
Siente
62%
Veces
62%
Quiero
61%
Aun
59%
Aunque
59%
Como
59%
Dedico
59%
Hago
59%
Mas
59%
Son
59%
Diferente
58%
Eso
58%
Le
58%
Porque
58%
Cosa
56%
Dios
56%
Pocos
55%
Rey
55%
Vi
55%
Cada
53%
Cancion
53%
He
53%
Quienes
53%
Reales
53%
Tiempo
53%
Abuela
52%
Falla
52%
Flow
52%
Otro
52%
Quieren
52%
Tiene
52%
1000
50%
Cosas
50%
Domis
50%
Estrella
50%
Fallado
50%
Logro
50%
Nba
50%
Razon
50%
Super
50%
Aquel
48%
Dentro
48%
Explico
48%
Fue
48%
Habitacion
48%
Pasion
48%
Soñe
48%
Bowl
47%
Ellas
47%
Esta
47%
Invitan
47%
Jugar
47%
Les
47%
Ok
47%
Viste
47%
Basquet
45%
Bendicion
45%
Contesto
45%
Cumpli
45%
Hoy
45%
Inversion
45%
Juego
45%
Loto
45%
Mames
45%
Cree
44%
Goal
44%
Lebron
44%
Parrafo
44%
23
42%
6
42%
DNI
42%
Fui
42%
Gracias
42%
Ayer
41%
Este
41%
Pegaron
41%
Disco
39%
Entiendan
39%
Escriben
39%
Hablando
39%
Cierto
38%
Conmigo
38%
Estoy
38%
Gana
38%
Guey
38%
Retirarme
38%
Stage
38%
Triple
38%
Ahora
36%
Dame
36%
Estaba
36%
Miguel
36%
Roto
36%
Saco
36%
Tranquilo
36%
Vosotros
36%
Vuelvo
36%
9
35%
Hice
35%
Mejores
35%
Meses
35%
Regaños
35%
Temas
35%
Años
33%
Break
33%
Cotto
33%
Han
33%
Aburrido
32%
Cama
32%
Casa
32%
Claro
32%
Hayan
32%
Salido
32%
Solo
32%
Fama
30%
Iba
30%
Mismo
30%
Ni
30%
Record
30%
Castigado
29%
Despues
29%
Duermo
29%
Enfermo
29%
Hasta
29%
Rompo
29%
Recuerdo
23%
No se encontraron pruebas coincidentes
Distribución de puntuación
Porcentaje de gente con cada puntuación
Porcentaje por número respondido
Historial de tus puntuaciones
No has intentado esta prueba.